Talking to yourself /

Saved in:
Bibliografiske detaljer
Hovedforfatter: Butler, Pamela
Format: Bog
Sprog:English
Udgivet: New York : Stein and Day, 1981.
Fag:
LEADER 00925nam a2200277 a 4500
001 c000149453
003 CARM
005 19910221000000.0
008 810406s1981 nyu b 001 0 eng
010 |a 81005312 //r912 
019 1 |a 1982257  |5 LACONCORD2021 
020 |a 0812827791 :  |c $12.95 
035 |a (OCoLC)7462466  |5 LACONCORD2021 
040 |a LC  |b eng  |c LC  |d LC 
050 0 0 |a BF697  |b .B88 
082 0 0 |a 158/.1  |2 19 
100 1 |a Butler, Pamela. 
245 1 0 |a Talking to yourself /  |c Pamela E. Butler. 
260 |a New York :  |b Stein and Day,  |c 1981. 
300 |a xvii, 204 p. ;  |c 24 cm. 
500 |a Includes index. 
504 |a Bibliography: p. 197-200. 
650 0 |a Self-talk. 
852 8 |b CARM  |h A2:AE19B0  |i B00240  |p 0013358  |f BK 
999 f f |i 0f2140cf-e836-5222-bfb5-04c745f6b72c  |s a483700c-f364-5f72-8415-460ffd5a3011 
952 f f |p Can circulate  |a CAVAL  |b CAVAL  |c CAVAL  |d CARM 1 Store  |e B00240  |f A2:AE19B0  |h Other scheme  |i book  |m 0013358